Southville International School and Colleges
Your cart is empty.
  • Cart
  • Lists
    Public lists Eva Luna New books Lux_list list_1
    Your lists Log in to create your own lists
  • Log in to your account
  • Your cookies
  • Search history
Southville International School and Colleges
  • Advanced search
  • Recent comments
  • Most popular
  • Libraries

Log in to your account

Log in with GOOGLE


If you do not have an external account, but do have a local account, you can still log in:

  1. Home
  2. MARC view: Surinaysay : wika-panitikan-malikhaing pagsulat-feminismo-midya /
Normal view MARC view ISBD view

Surinaysay : wika-panitikan-malikhaing pagsulat-feminismo-midya / (Record no. 288918)

[ view plain ]
MARC details
000 -LEADER
fixed length control field 00619nam a2200193 a 4500
001 - CONTROL NUMBER
control field FIB033497
003 - CONTROL NUMBER IDENTIFIER
control field PILC
005 - DATE AND TIME OF LATEST TRANSACTION
control field 20151105132934.0
008 - FIXED-LENGTH DATA ELEMENTS--GENERAL INFORMATION
fixed length control field
020 ## - INTERNATIONAL STANDARD BOOK NUMBER
International Standard Book Number 9789719946304
050 ## - LIBRARY OF CONGRESS CALL NUMBER
Classification number PL 6165.4
Item number .G214 2012
100 ## - MAIN ENTRY--PERSONAL NAME
Personal name Garcia, Fanny A.
245 #0 - TITLE STATEMENT
Title Surinaysay : wika-panitikan-malikhaing pagsulat-feminismo-midya /
Statement of responsibility, etc Fanny A.Garcia.
260 ## - PUBLICATION, DISTRIBUTION, ETC. (IMPRINT)
Place of publication, distribution, etc Quezon City :
Date of publication, distribution, etc 2012.
Name of publisher, distributor, etc C & E Publishing, Inc.,
300 ## - PHYSICAL DESCRIPTION
Extent xi, 303 pages ;
Dimensions 22 cm.
500 ## - GENERAL NOTE
General note Includes bibliograhical references and index.
650 ## - SUBJECT ADDED ENTRY--TOPICAL TERM
Topical term or geographic name as entry element Philippine essays (Filipino)
942 ## - ADDED ENTRY ELEMENTS (KOHA)
Source of classification or shelving scheme Library of Congress Classification
Koha item type Books
Call number prefix Local
Holdings
Withdrawn status Lost status Source of classification or shelving scheme Damaged status Home library Current library Shelving location Date acquired Source of acquisition Sub Shelving location Total Checkouts Full call number Barcode Date last seen Price effective from Koha item type
    Library of Congress Classification   College Library College Library Filipiniana Section 11/05/2015 Library Fund     PL 6165.4 .G214 2012 C20247 05/08/2018 11/05/2015 Books

Surinaysay : wika-panitikan-malikhaing pagsulat-feminismo-midya /

APA

Garcia F. A., . (2012). Surinaysay : wika-panitikan-malikhaing pagsulat-feminismo-midya. Quezon City: C & E Publishing, Inc.

Chicago

Garcia Fanny A, . 2012. Surinaysay : wika-panitikan-malikhaing pagsulat-feminismo-midya. Quezon City: C & E Publishing, Inc.

Harvard

Garcia F. A., . (2012). Surinaysay : wika-panitikan-malikhaing pagsulat-feminismo-midya. Quezon City: C & E Publishing, Inc.

MLA

Garcia Fanny A, . Surinaysay : wika-panitikan-malikhaing pagsulat-feminismo-midya. Quezon City: C & E Publishing, Inc. 2012.

  • Place hold
  • Print
  • Cite
  • Add to your cart (remove)
  • Save record
    BIBTEX Dublin Core MARCXML MARC (non-Unicode/MARC-8) MARC (Unicode/UTF-8) MARC (Unicode/UTF-8, Standard) MODS (XML) RIS
  • More searches
    Search for this title in:
    Other Libraries (WorldCat) Other Databases (Google Scholar) Online Stores (Bookfinder.com) Open Library (openlibrary.org)

Exporting to Dublin Core...

SOUTHVILLE LIBRARY

Southville International School and Colleges Library

1281 Tropical Ave. Cor. Luxembourg St., BF Homes International, Las Pinas City

Tel. No. 8256374 / 252358 Loc. 117/146

Powered by Koha